000 00599nam a22002057a 4500
008 150511b xxu||||| |||| 00| 0 eng d
020 _a9780073380681
020 _a0073380687
041 0 _aeng
080 _a621.382
100 1 _aRoberts, Michael J.,
245 1 0 _aSignals and systems :
_cMichael J. Roberts.
250 _a2nd. ed.
260 _aNew York :
_bMcGraw-Hill,
_cc2012.
300 _axx, 796 f. :
_bme il. ;
_c27 cm.
505 _aindex:f. 788-796
650 0 _aPërpunimi i signalit
650 0 _aAnaliza e sistemit
942 _2udc
_cBK
999 _c715
_d715